Word Ladder: Hockey Terms Quiz Stats

 Plays Quiz Updated Nov 22, 2017

Challenge
Share
Tweet
Embed
Score 0/21 Timer 03:00
0 Plays Today
Clue 4-Letter Word % Correct
Bird of peaceDOVE
94.6%
• Hockey's 'object' •• PUCK •
94%
CompletedDONE
93.5%
Sound from a dogBARK
93.4%
Fill a suitcasePACK
92.3%
RearBACK
92.2%
VomitPUKE
91.4%
Nighttime sky sightMOON
89.7%
A purple brown colorPUCE
86.7%
• Exaggerate to draw a penalty •• DIVE •
86.7%
State of mindMOOD
83.5%
Clue 4-Letter Word % Correct
Home to the Blue DevilsDUKE
75.7%
• A player who starts fights •• GOON •
74.8%
A long wall to prevent floodingDIKE
74.6%
A freshwater fishPIKE
74.3%
CornbreadPONE
67.3%
Deceptive movement in hockey• DEKE •
56%
• The ice •• POND •
55.1%
A lap dog, for shortPEKE
53.9%
Mustapha of 'Brave New World'MOND
53.3%
• The hockey arena • • BARN •
43.3%

Today's Daily Dose

Missing Word
Madam, I'm Adam

Quick Pick
Meat vs Animal

On This Day
October 21st II

You're not logged in!

Compare scores with friends on all Sporcle quizzes.
Join for Free
OR
Log In

You Might Also Like...

Show Comments

Extras

Top Quizzes Today


Score Distribution

Your Account Isn't Verified!

In order to create a playlist on Sporcle, you need to verify the email address you used during registration. Go to your Sporcle Settings to finish the process.

Report this User

Report this user for behavior that violates our Community Guidelines.

Details: